Sports Quiz

Random Sports Quiz

Recent Met killers Quiz Stats

 Plays Quiz not verified by Sporcle

Challenge
Share
Tweet
Embed
Score 0/22 Timer 05:00
0 Plays Today
name the met killers of the recent past % Correct
nl eastchipper jones
85.5%
nl eastdan uggla
28.9%
nl eastbrian mccann
23.7%
nl eastshane victorino
23.7%
nl westpat burrell
23.7%
nl eastluis castillo
15.8%
nl eastjorge cantu
13.2%
nl eastcody ross
9.2%
nl eastoliver perez
9.2%
nl westdavid eckstein
9.2%
nl westmark reynolds
9.2%
name the met killers of the recent past % Correct
nl eastomar infante
7.9%
nl eastmatt diaz
7.9%
nl eastchris coghlan
7.9%
nl eastgaby sanchez
7.9%
nl eastjosh willingham
7.9%
nl eastchristian guzman
5.3%
nl eastblack outfielders on the nationals
5.3%
nl centralbrandon phillips
5.3%
nl westadam laroche
5.3%
nl westaubrey huff
2.6%
nl westmiguel montero
0%

You're not logged in!

Compare scores with friends on all Sporcle quizzes.
Join for Free
OR
Log In

You Might Also Like...

Show Comments

Extras

Created Aug 4, 2010ReportNominate
Tags:killer, met, past, recent

Top Quizzes Today


Score Distribution

Your Account Isn't Verified!

In order to create a playlist on Sporcle, you need to verify the email address you used during registration. Go to your Sporcle Settings to finish the process.

Report this User

Report this user for behavior that violates our Community Guidelines.

Details: